Diccionario oxford pocket : edición rioplatense /

Guardado en:
Formato: Libro
Publicado: Buenos Aires : Oxford University
Materias:
Etiquetas: Agregar Etiqueta
Sin Etiquetas, Sea el primero en etiquetar este registro!
LEADER 00586nam a22001935a 4500
001 CEM.cems009939
005 20080220160916.0
008 130507b######################000#0#####d
003 CEMS
020 |a 194312453 
082 0 4 |a 423.6 
245 0 0 |a Diccionario oxford pocket :  |b edición rioplatense / 
260 |a Buenos Aires :  |b Oxford University 
300 |a 691 p. 
505 0 |a Español-inglés -- Inglés-español 
653 |a Diccionarios 
653 |a Diccionario-inglés español 
653 |a Diccionario-español ingles 
859 |a CEMS  |b BIB. CEMS - 11 de abril  |h 423.6  |i Ox2  |p 20271.99  |t Ej.1